Jaskyniarske výstavy a podujatia múzea v roku 2000

Bibliographic Details
Main Author: Danišová, Alena (Author)
Format: Article
Language:Slovak
PhysicalDescription:Fotogr.
ISBN:80-88924-24-3
Subjects:

MARC

LEADER 00000nab a2200000 a 4500
001 vtls008418854
003 SK-MaSNL
005 20260303202434.0
008 140301c2001 xo |r|p|||||||100 b|slo
015 |a SNBRB2005/11  |2 snkbucl 
038 |a SNKBUCL 
040 |a SNKBUCL  |b slo  |c SNKBUCL  |e AACR2 
041 0 |a slo 
044 |a xo  |c SK 
080 |a 551.44:061.4  |2 1981 
080 |a 069.02:551.44  |2 1981 
100 1 |a Danišová, Alena  |4 aut  |9 11394 
245 1 0 |a Jaskyniarske výstavy a podujatia múzea v roku 2000  |c Alena Danišová 
300 |a Fotogr. 
610 2 7 |a Slovenské múzeum ochrany prírody a jaskyniarstva  |2 snkbucl  |9 234632 
648 7 |a 2000  |2 snkbucl  |9 295137 
650 0 7 |a jaskyniarstvo  |2 snkbucl  |9 29600 
650 0 7 |a výstavy  |2 snkbucl  |9 2780 
650 0 7 |a speleológia  |2 snkbucl  |9 17878 
773 0 |t Sinter 9  |d Liptovský Mikuláš : Slovenské múzeum ochrany prírody a jaskyniarstva, 2001  |g S. 18-19  |z 80-88924-24-3 
852 |a SNK  |b KIS3GCP 
999 |c 2179613  |d 2181543